000 00642nam a2200193 4500
001 112493
003 ES-MaACL
005 20250809054509.0
007 t|
008 061121s1956 sp r ||||1| spa d
100 1 _aMuñoz y Núñez de Prado, Jesús.
_984517
245 1 0 _aJusticia Municipal /
_cJ. Muñoz y Núñez de Prado.
260 _aMadrid :
_bRevista de Derecho Privado-Pablo López,
_c1956.
300 _aXII, 374 p. ;
_c19 cm.
490 1 _aFormulario de la Revista de Derecho Privado
830 0 0 _aFormulario de la Revista de derecho privado
_9233129
852 _aES-MaACL
_jC-10589
_bR.38439
999 _c112493
_d112493